[Event "24th HIT Open 2019"]
[Site "Nova Gorica SLO"]
[Date "2019.01.31"]
[Round "9.4"]
[White "Subelj,Jan"]
[Black "Tadic,Br"]
[Result "0-1"]
[BlackElo "2473"]
[BlackFideId "916412"]
[BlackTitle "GM"]
[EventDate "2019.01.25"]
[WhiteElo "2409"]
[WhiteFideId "14618583"]
[WhiteTitle "FM"]

1. e4 c5 2. g3 Nc6 3. Bg2 g6 4. Ne2 Bg7 5. c3 h5 6. d3 h4 7. gxh4 Rxh4 8. Ng3 d6
9. Bg5 Rh8 10. h4 Qb6 11. Qb3 Ne5 12. Qxb6 axb6 13. Ke2 b5 14. Na3 Bd7
15. Nc2 b4 16. a3 bxc3 17. bxc3 Bb5 18. c4 Nxc4 19. dxc4 Bxc4+ 20. Kd2 Bxa1
21. Rxa1 f6 22. Be3 Rxh4 23. Rb1 O-O-O 24. Kc3 Ba6 25. a4 Nh6 26. Rh1 Rxh1
27. Nxh1 Rh8 28. Bh3+ Kc7 29. Ng3 b5 30. axb5 Bxb5 31. f3 Nf7 32. Be6 Ne5
33. f4 Bd7 34. Bf5 gxf5 35. fxe5 fxe5 36. exf5 Rh3
0-1

[Event "20th Lienz Open 2019"]
[Site "Lienz AUT"]
[Date "2019.02.16"]
[Round "9.13"]
[White "Poenisch,Ec"]
[Black "Gaehwiler,G"]
[Result "0-1"]
[BlackElo "2433"]
[BlackFideId "1314530"]
[BlackTitle "IM"]
[EventDate "2019.02.09"]
[WhiteElo "2135"]
[WhiteFideId "4649877"]

1. e4 c5 2. g3 Nc6 3. Bg2 Nf6 4. f4 d6 5. d3 g6 6. c3 Bg7 7. Nf3 O-O 8. O-O Rb8
9. h3 c4 10. g4 cxd3 11. Qxd3 e5 12. c4 Nd7 13. f5 Nc5 14. Qe3 Nd4 15. Rf2 a5
16. Nc3 b5 17. cxb5 Nxb5 18. Nd5 Nc7 19. Nxc7 Qxc7 20. Rc2 Qb6 21. Nd2 Ba6
22. Nc4 Bxc4 23. Rxc4 Qb5 24. Bf1 a4 25. Rb1 Qb6 26. Bd2 gxf5 27. gxf5 Kh8
28. Kh2 Bf6 29. Qh6 Qd8 30. Be2 Rg8 31. Bg4 Qe7 32. Be3 Bg5 33. Bxg5 Qxg5
34. Qxg5 Rxg5 35. Bd1 Rbg8 36. Bf3 Rb8 37. Bd1 Nd3 38. b4 axb3 39. Rxb3 Rbg8
40. Bf3 Nf4 41. Rbc3 Ne2 42. Re3 Nd4 43. Bh1 Rb8 44. h4 Rg4 45. Kh3 Nxf5
0-1

[Event "ch-FRA Blitz 2019"]
[Site "Le Blanc-Mesnil FRA"]
[Date "2019.06.01"]
[Round "9.2"]
[White "Munoz Pantoja,M"]
[Black "Shchekachev,A"]
[Result "1-0"]
[WhiteTitle "GM"]
[BlackTitle "GM"]
[WhiteElo "2513"]
[BlackElo "2531"]
[WhiteFideId "3800229"]
[BlackFideId "4107730"]
[EventDate "2019.06.01"]

1. e4 c5 2. g3 Nc6 3. Bg2 g6 4. Ne2 Bg7 5. c3 e5 6. d3 Nge7 7. Be3 d6 8. O-O O-O
9. f4 Rb8 10. Nd2 exf4 11. gxf4 Bg4 12. h3 Bxe2 13. Qxe2 Kh8 14. f5 gxf5 15.
exf5 Ng8 16. Ne4 d5 17. f6 Nxf6 18. Nxf6 Bxf6 19. Bxc5 Rg8 20. Kh1 Rg6 21. Bf3
Qc7 22. Bg4 Rbg8 23. Bg1 Bg7 24. d4 Ne7 25. Bh2 Qc6 26. Qxe7 Bf6 27. Rxf6 1-0

[Event "ch-FRA Blitz 2019"]
[Site "Le Blanc-Mesnil FRA"]
[Date "2019.06.02"]
[Round "17.1"]
[White "Munoz Pantoja,M"]
[Black "Moussard,J"]
[Result "1-0"]
[WhiteTitle "GM"]
[BlackTitle "GM"]
[WhiteElo "2513"]
[BlackElo "2576"]
[WhiteFideId "3800229"]
[BlackFideId "642908"]
[EventDate "2019.06.01"]

1. e4 c5 2. g3 Nc6 3. Bg2 g6 4. Ne2 Bg7 5. c3 e5 6. d3 d6 7. Be3 Nge7 8. O-O O-O
9. f4 f5 10. Nd2 Be6 11. Nf3 fxe4 12. dxe4 Kh8 13. Qd2 Qc7 14. b3 Bg8 15. Rad1
Rad8 16. c4 Nd4 17. Nc3 a6 18. Kh1 Qd7 19. fxe5 dxe5 20. Nd5 Nxd5 21. exd5 b5
22. Rde1 bxc4 23. bxc4 Qa4 24. Rc1 Rf5 25. Ng5 Rdf8 26. Rfe1 Qd7 27. Ne4 Qe7 28.
Rb1 h5 29. Rb6 Nf3 30. Bxf3 Rxf3 31. Kg2 h4 32. Rxg6 Bh7 33. Rg4 h3+ 34. Kg1 Qf7
35. Nf2 e4 36. Rh4 Kg8 37. Bxc5 e3 38. Bxe3 Re8 39. Bc5 Rc8 40. Bd4 Rxc4 41.
Bxg7 Rxh4 42. Qg5 Rxf2 43. Bd4+ Bg6 44. Bxf2 Rh5 45. Qd8+ Qf8 46. Qxf8+ Kxf8 47.
d6 Rd5 48. Be3 Kf7 49. Bf4 Bf5 50. Kf2 Bg4 51. Re7+ Kf6 52. Ke3 Rd1 53. Ra7 Re1+
54. Kd4 Rh1 55. Kc3 a5 56. a4 Rd1 57. Rxa5 Rh1 58. Ra7 Rxh2 59. d7 Bxd7 60. Rxd7
Rg2 61. Rh7 h2 62. g4 Rxg4 63. a5 Rxf4 64. Kb3 Rf1 65. Rxh2 Ke6 66. Rd2 Ra1 67.
Kb4 Rb1+ 68. Kc5 Ke7 69. a6 Rc1+ 70. Kb6 Rb1+ 71. Kc7 Rc1+ 72. Kb7 Rb1+ 73. Ka8
Ra1 74. a7 Rb1 75. Rd5 Ke6 76. Rd8 Ke7 77. Rb8 Rh1 78. Kb7 Rb1+ 79. Kc6 Rc1+ 80.
Kd5 1-0

[Event "Prishtina Open 2019"]
[Site "Prishtina KOS"]
[Date "2019.06.30"]
[Round "4.5"]
[White "Saraci,Osman"]
[Black "Nikolovski,Nikola"]
[Result "0-1"]
[BlackTitle "IM"]
[WhiteElo "2088"]
[BlackElo "2383"]
[WhiteFideId "4701933"]
[BlackFideId "15002314"]
[EventDate "2019.06.28"]

1. e4 c5 2. g3 Nc6 3. Bg2 g6 4. Nf3 Bg7 5. O-O d6 6. c3 e5 7. Re1 Nge7 8. Na3
O-O 9. d3 Kh8 10. Be3 f5 11. Qd2 f4 12. gxf4 Bg4 13. f5 gxf5 14. Bh6 fxe4 15.
Bxg7+ Kxg7 16. Ng5 Ng6 17. f3 exf3 18. Bxf3 Rxf3 19. Nxf3 Bxf3 20. Qe3 Bd5 21.
Kf2 Qh4+ 22. Qg3 Qh6 23. Ke2 Kh8 24. Rg1 Nf4+ 25. Kd1 Rg8 26. Qf2 Rxg1+ 0-1

[Event "Tal Memorial Blitz 2019"]
[Site "Riga LAT"]
[Date "2019.07.18"]
[Round "10.24"]
[White "Munoz Pantoja,M"]
[Black "Rogule,L"]
[Result "1-0"]
[WhiteTitle "GM"]
[BlackTitle "WGM"]
[WhiteElo "2511"]
[BlackElo "2269"]
[WhiteFideId "3800229"]
[BlackFideId "11601876"]
[EventDate "2019.07.18"]
[EventType "blitz"]

1. e4 c5 2. g3 Nc6 3. Bg2 g6 4. Ne2 Bg7 5. c3 e5 6. d3 Nge7 7. Be3 d6 8. O-O O-O
9. f4 Be6 10. Nd2 Qd7 11. Nf3 b6 12. d4 exd4 13. cxd4 Bh3 14. Bxh3 Qxh3 15. Qd2
Qc8 16. Nc3 Re8 17. Nb5 Rd8 18. f5 gxf5 19. Bh6 fxe4 20. Bxg7 Kxg7 21. Qg5+ Ng6
22. Nh4 Qd7 23. Nf5+ Kg8 24. Qf6 1-0

[Event "Tal Memorial Rapid 2019"]
[Site "Riga LAT"]
[Date "2019.07.16"]
[Round "4.6"]
[White "Munoz Pantoja,M"]
[Black "Georgiev,Ki"]
[Result "1-0"]
[WhiteTitle "GM"]
[BlackTitle "GM"]
[WhiteElo "2511"]
[BlackElo "2583"]
[WhiteFideId "3800229"]
[BlackFideId "2900017"]
[EventDate "2019.07.16"]
[EventType "rapid"]

1. e4 c5 2. g3 Nc6 3. Bg2 g6 4. Ne2 Bg7 5. c3 e5 6. d3 Nge7 7. Be3 d6 8. O-O O-O
9. f4 exf4 10. gxf4 f5 11. Nd2 Kh8 12. Nf3 Be6 13. Ng3 Rc8 14. h4 Ng8 15. h5 Nh6
16. hxg6 hxg6 17. Ng5 Qd7 18. Qd2 Bf6 19. Nxe6 Qxe6 20. Bf3 Rc7 21. Kg2 Rh7 22.
Rh1 Kg7 23. a3 Rfh8 24. b4 fxe4 25. dxe4 Ng4 26. Rxh7+ Rxh7 27. Bg1 Rh4 28. Rd1
Nh6 29. f5 gxf5 30. Qxd6 Qe5 31. exf5 Nf7 32. Nh5+ Rxh5 33. Qxe5 Rg5+ 34. Qg3
cxb4 35. Qxg5+ Nxg5 36. cxb4 Nxf3 37. Kxf3 Kf8 38. b5 Ne5+ 39. Ke4 Nc4 40. Kd5
Nb2 41. Rd2 Kf7 42. Bxa7 Na4 43. Bd4 Be7 44. Rh2 Bxa3 45. Rh7+ Ke8 46. Rxb7 Bb4
47. b6 1-0

[Event "3rd Cristina Foisor Rapid"]
[Site "Satu Mare ROU"]
[Date "2020.01.18"]
[Round "3.2"]
[White "Levay,S"]
[Black "Moradiabadi,E"]
[Result "0-1"]
[BlackElo "2541"]
[BlackFideId "12501255"]
[BlackTitle "GM"]
[EventDate "2020.01.18"]
[WhiteElo "2192"]
[WhiteFideId "1206354"]
[WhiteTitle "FM"]

1. e4 c5 2. g3 Nc6 3. Bg2 g6 4. d3 Bg7 5. f4 e6 6. Nf3 d5 7. e5 Nge7 8. c3 Nf5
9. O-O h5 10. Na3 a6 11. Nc2 Bf8 12. Qe1 Be7 13. h4 b6 14. Kh2 Bb7 15. d4 a5
16. Ne3 Ba6 17. Nxf5 gxf5 18. Rg1 Bd3 19. Be3 Be4 20. Qf2 c4 21. Bf1 b5
22. Nd2 a4 23. a3 Qd7 24. Be2 O-O-O 25. Rad1 Rdg8 26. Nf3 f6 27. exf6 Bxf6
28. Ne5 Bxe5 29. dxe5 Na5 30. Bc5 Nb3 31. Bd6 Kb7 32. Rde1 Qc6 33. Bd1 Nc1
34. Be2 Nd3 35. Bxd3 cxd3 36. Qd4 Rc8 37. Rd1 Qc4 38. Qxc4 Rxc4 39. Rd2 Rhc8
40. Bb4 d4 41. cxd4 Rxd4 42. Bc3 Rdc4 43. Rc1 b4 44. axb4 a3 45. Ra1 axb2
46. Bxb2 Rc2
0-1

[Event "114th Ann. Club Argentino"]
[Site "Buenos Aires ARG"]
[Date "2020.01.16"]
[Round "8.5"]
[White "Dolezal,C"]
[Black "Asprelli,Gaspar"]
[Result "1-0"]
[BlackElo "1886"]
[BlackFideId "165891"]
[EventDate "2020.01.13"]
[WhiteElo "2373"]
[WhiteFideId "103560"]
[WhiteTitle "IM"]

1. e4 c5 2. g3 Nc6 3. Bg2 g6 4. d3 Bg7 5. c3 d6 6. Na3 e5 7. f4 Nge7 8. Nf3 O-O
9. O-O h6 10. f5 gxf5 11. Nh4 f4 12. Qh5 Qd7 13. gxf4 Qg4 14. Qxg4 Bxg4
15. f5 Bf6 16. Nf3 Kh7 17. Nc4 Rad8 18. Ne3 Bh5 19. Ne1 Rg8 20. Kh1 Rg7
21. Bd2 Rdg8 22. Bf3 Bxf3+ 23. Nxf3 Rd8 24. Rg1 Rdg8 25. Rxg7+ Rxg7
26. Rg1 Rxg1+ 27. Kxg1 Ng8 28. Ng4 Kg7 29. Kf2 Bd8 30. Ke2 h5 31. Nf2 Nf6
32. Nh1 d5 33. Ng3 dxe4 34. dxe4 h4 35. Nxh4 Nxe4 36. Nxe4 Bxh4 37. Kf3 b6
38. Kg4 Bd8 39. h4 Nb8 40. h5 Nd7 41. c4 Be7 42. b3 Kh7 43. Kf3 Kg7 44. Bc1 Kh7
45. Nc3 Nf6 46. Nd5 Nxd5 47. cxd5 f6 48. Ke4 Bd6 49. a4 a6 50. Bd2 b5
51. axb5 axb5 52. Ba5 Kh6 53. Bd8 Kxh5 54. Bxf6 c4 55. bxc4 bxc4 56. Bd8 Kg4
57. f6 c3 58. Kd3 Bf8 59. Be7
1-0

[Event "16th Moscow Open A 2020"]
[Site "Moscow RUS"]
[Date "2020.01.26"]
[Round "2.48"]
[White "Kunin,V"]
[Black "Tarasov,O"]
[Result "0-1"]
[BlackElo "2169"]
[BlackFideId "4162870"]
[EventDate "2020.01.25"]
[WhiteElo "2533"]
[WhiteFideId "4128737"]
[WhiteTitle "GM"]

1. e4 c5 2. g3 Nc6 3. Bg2 g6 4. d3 Bg7 5. f4 e6 6. Nf3 Nge7 7. O-O b6 8. c3 d5
9. e5 Bb7 10. Be3 Qd7 11. Bf2 O-O 12. Re1 Rad8 13. Nbd2 a5 14. Nf1 Kh8
15. g4 Rde8 16. Qb3 Qd8 17. Bxc5 bxc5 18. Qxb7 Qb8 19. Qb3 a4 20. Qc2 f6
21. exf6 Rxf6 22. g5 Rxf4 23. Rxe6 Ref8 24. N1d2 d4 25. c4 Nb4 26. Qxa4 Nf5
27. Rae1 Ne3 28. R6xe3 dxe3 29. Rxe3 Qd8 30. Qb3 Nc6 31. Kh1 Nd4 32. Qb7 Nf5
33. Re1 Qxd3 34. Qb3 Qd8 35. Qb7 Nd4 36. a4 Nxf3 37. Nxf3 Qd3 38. Ng1 Rxc4
39. a5 Rb4 40. Qc6 Rxb2 41. a6 Ra2 42. Qxc5 Qxa6 43. Qe7 Qb5 44. h3 Raf2
45. Qe3 Qf5 46. Qg3 Qf4 47. Kh2 Rf5 48. Re8+ Bf8 49. Qxf4 R2xf4 50. Kg3 Kg7
51. Rd8 Rb4 52. Nf3 Rb6 53. Rd7+ Rf7 54. Rxf7+ Kxf7 55. Nd4 Bc5
0-1

[Event "2021-moscow-open-b"]
[White "Charochkina, Daria"]
[Black "Kurmangaliyeva, Liya"]
[WhiteFideId "4180917"]
[BlackFideId "13725831"]
[WhiteElo "2337"]
[BlackElo "2186"]
[Result "0-1"]
[Round "06"]
[Date "Thu Feb 25 2021"]
[WhiteClock "0:00:00"]
[BlackClock "0:02:04"]


1. e4 {[%clk 1:30:17]}  c5 {[%clk 1:30:40]} 2. g3 {[%clk 1:30:44]}  Nc6 {[%clk 1:30:14]} 3. Bg2 {[%clk 1:31:09]}  g6 {[%clk 1:26:19]} 4. Ne2 {[%clk 1:31:09]}  Bg7 {[%clk 1:26:19]} 5. c3 {[%clk 1:31:20]}  e5 {[%clk 1:26:30]} 6. O-O {[%clk 1:28:34]}  Nge7 {[%clk 1:20:02]} 7. d3 {[%clk 1:23:03]}  O-O {[%clk 1:20:02]} 8. Be3 {[%clk 1:23:27]}  d6 {[%clk 1:19:09]} 9. Na3 {[%clk 1:17:21]}  f5 {[%clk 1:14:06]} 10. Qb3+ {[%clk 1:10:10]}  Kh8 {[%clk 1:13:53]} 11. Rad1 {[%clk 1:10:30]}  Na5 {[%clk 1:13:53]} 12. Qc2 {[%clk 1:10:30]}  Be6 {[%clk 1:04:15]} 13. b3 {[%clk 0:53:23]}  Rc8 {[%clk 1:04:02]} 14. Qb1 {[%clk 0:53:20]}  d5 {[%clk 0:53:42]} 15. b4 {[%clk 0:53:37]}  cxb4 {[%clk 0:45:04]} 16. cxb4 {[%clk 0:53:57]}  Nac6 {[%clk 0:45:04]} 17. b5 {[%clk 0:53:57]}  Nd4 {[%clk 0:39:55]} 18. Bxd4 {[%clk 0:33:55]}  exd4 {[%clk 0:39:55]} 19. Qb4 {[%clk 0:32:41]}  fxe4 {[%clk 0:28:16]} 20. dxe4 {[%clk 0:32:41]}  Bg4 {[%clk 0:28:19]} 21. f3 {[%clk 0:32:24]}  d3 {[%clk 0:28:19]} 22. Nf4 {[%clk 0:27:58]}  Bd7 {[%clk 0:19:48]} 23. Rxd3 {[%clk 0:27:33]}  d4 {[%clk 0:18:32]} 24. Nc4 {[%clk 0:27:33]}  Qc7 {[%clk 0:12:06]} 25. Nd6 {[%clk 0:09:05]}  Rcd8 {[%clk 0:12:06]} 26. Rfd1 {[%clk 0:09:05]}  a5 {[%clk 0:08:21]} 27. Qa3 {[%clk 0:06:48]}  Be5 {[%clk 0:05:44]} 28. Nxb7 {[%clk 0:01:16]}  Qxb7 {[%clk 0:06:09]} 29. Qxe7 {[%clk 0:01:43]}  Bf6 {[%clk 0:06:28]} 30. Qa3 {[%clk 0:01:57]}  Bxb5 {[%clk 0:05:27]} 31. Rb3 {[%clk 0:02:04]}  a4 {[%clk 0:03:28]} 32. Rbb1 {[%clk 0:02:04]}  Qd7 {[%clk 0:03:01]} 33. Qc5 {[%clk 0:02:04]}  Rb8 {[%clk 0:02:01]} 34. Bf1 {[%clk 0:01:05]}  Bc6 {[%clk 0:00:45]} 35. Nd3 {[%clk 0:00:46]}  Qe6 {[%clk 0:00:32]} 36. Bg2 {[%clk 0:00:46]}  Rfd8 {[%clk 0:00:32]} 37. Rxb8 {[%clk 0:00:41]}  Rxb8 {[%clk 0:01:13]} 38. Rc1 {[%clk 0:01:07]}  Bd7 {[%clk 0:01:13]} 39. Rf1 {[%clk 0:00:51]}  Rc8 {[%clk 0:01:17]} 40. Qa7 {[%clk 0:01:04]}  Bb5 {[%clk 0:01:20]} 41. Nf4 {[%clk 0:01:04]}  Qa6 {[%clk 0:01:44]} 42. Qxa6 {[%clk 0:00:41]}  Bxa6 {[%clk 0:02:12]} 43. Rb1 {[%clk 0:00:40]}  d3 {[%clk 0:02:36]} 44. Bf1 {[%clk 0:00:32]}  d2 {[%clk 0:02:50]} 45. Rd1 {[%clk 0:00:48]}  Bd4+ {[%clk 0:02:41]} 46. Kh1 {[%clk 0:00:32]}  Bxf1 {[%clk 0:02:41]} 47. Rxd2 {[%clk 0:00:59]}  Be3 {[%clk 0:01:55]} 48. Rd1 {[%clk 0:00:50]}  Rc1 {[%clk 0:01:14]} 49. Rd8+ {[%clk 0:01:00]}  Kg7 {[%clk 0:01:39]} 50. h4 {[%clk 0:00:48]}  Ra1 {[%clk 0:01:42]} 51. e5 {[%clk 0:00:48]}  Bxf4 {[%clk 0:01:44]} 52. gxf4 {[%clk 0:00:48]}  Bc4+ {[%clk 0:02:11]} 53. Kh2 {[%clk 0:01:14]}  Rxa2+ {[%clk 0:02:39]} 54. Kg3 {[%clk 0:01:22]}  a3 {[%clk 0:02:23]} 55. Rd7+ {[%clk 0:01:08]}  Kh6 {[%clk 0:02:08]} 56. f5 {[%clk 0:01:38]}  Re2 {[%clk 0:01:13]} 57. e6 {[%clk 0:00:34]}  a2 {[%clk 0:01:25]} 58. Ra7 {[%clk 0:00:37]}  gxf5 {[%clk 0:01:46]} 59. Kf4 {[%clk 0:00:31]}  Bxe6 {[%clk 0:02:04]} 60. h5 {[%clk 0:00:32]}  Re1 {[%clk 0:02:04]} 61. Re7 {[%clk 0:00:00]} 0-1

[Event "Vezerkepzo IM May 2021"]
[White "Pein, Jonathan"]
[Black "Bokros, Albert"]
[WhiteFideId "417092"]
[BlackFideId "710458"]
[WhiteElo "2185"]
[BlackElo "2458"]
[Result "0-1"]
[Round "06"]
[TimeControl "5400+30"]
[Date "Tue May 18 2021"]
[WhiteClock "0:33:29"]
[BlackClock "0:33:14"]

1. e4 {[%clk 1:30:27]}  c5 {[%clk 0:00:00]} 2. g3 {[%clk 1:30:48]}  Nc6 {[%clk 1:30:01]} 3. Bg2 {[%clk 1:31:16]}  g6 {[%clk 1:29:55]} 4. Ne2 {[%clk 1:31:43]}  Bg7 {[%clk 1:30:08]} 5. O-O {[%clk 1:31:35]}  e5 {[%clk 1:29:47]} 6. a3 {[%clk 1:31:26]}  Nge7 {[%clk 1:29:03]} 7. b4 {[%clk 1:31:55]}  d6 {[%clk 1:25:49]} 8. c3 {[%clk 1:30:54]}  O-O {[%clk 1:23:06]} 9. d3 {[%clk 1:30:52]}  Be6 {[%clk 1:19:14]} 10. Be3 {[%clk 1:28:15]}  b6 {[%clk 1:15:57]} 11. b5 {[%clk 1:28:28]}  Na5 {[%clk 1:13:05]} 12. c4 {[%clk 1:28:46]}  Qd7 {[%clk 1:12:09]} 13. Nbc3 {[%clk 1:25:17]}  Rae8 {[%clk 1:12:09]} 14. Rb1 {[%clk 1:23:33]}  f5 {[%clk 1:03:27]} 15. Bg5 {[%clk 1:23:33]}  f4 {[%clk 0:57:06]} 16. f3 {[%clk 1:08:25]}  h6 {[%clk 0:53:09]} 17. Bxe7 {[%clk 1:07:52]}  Rxe7 {[%clk 0:53:09]} 18. Nd5 {[%clk 0:52:48]}  Ref7 {[%clk 0:52:24]} 19. g4 {[%clk 0:50:15]}  h5 {[%clk 0:50:13]} 20. gxh5 {[%clk 0:32:52]}  gxh5 {[%clk 0:50:13]} 21. Qe1 {[%clk 0:31:13]}  Bh6 {[%clk 0:38:38]} 22. h4 {[%clk 0:25:06]}  Kh8 {[%clk 0:34:40]} 23. Kh2 {[%clk 0:24:44]}  Rg8 {[%clk 0:34:40]} 24. Rg1 {[%clk 0:23:51]}  Rg6 {[%clk 0:18:44]} 25. Qf1 {[%clk 0:11:59]}  Qd8 {[%clk 0:18:44]} 26. Bh3 {[%clk 0:09:20]}  Rxg1 {[%clk 0:14:31]} 27. Nxg1 {[%clk 0:06:23]}  Qxh4 {[%clk 0:11:30]} 28. Qe1 {[%clk 0:06:51]}  Qxe1 {[%clk 0:11:25]} 29. Rxe1 {[%clk 0:07:20]}  Bxd5 {[%clk 0:09:50]} 30. exd5 {[%clk 0:06:14]}  Nb3 {[%clk 0:09:54]} 31. Ne2 {[%clk 0:03:54]}  e4 {[%clk 0:09:54]} 32. dxe4 {[%clk 0:03:09]}  Nd2 {[%clk 0:09:10]} 33. Ng1 {[%clk 0:03:09]}  Nxc4 {[%clk 0:08:43]} 34. Kg2 {[%clk 0:00:34]}  Bg7 {[%clk 0:07:57]} 35. Be6 {[%clk 0:00:39]}  Rf6 {[%clk 0:08:02]} 36. Kf2 {[%clk 0:00:35]}  Rg6 {[%clk 0:05:03]} 37. Nh3 {[%clk 0:00:35]}  Bd4+ {[%clk 0:04:49]} 38. Kf1 {[%clk 0:00:38]}  Rg3 {[%clk 0:03:02]} 39. Ke2 {[%clk 0:00:42]}  Rg2+ {[%clk 0:03:08]} 40. Kd1 {[%clk 0:30:33]}  Nb2+ {[%clk 0:31:55]} 41. Kc1 {[%clk 0:30:51]}  Nd3+ {[%clk 0:32:15]} 42. Kd1 {[%clk 0:30:51]}  Nxe1 {[%clk 0:32:03]} 43. Kxe1 {[%clk 0:31:48]}  Be5 {[%clk 0:32:03]} 44. Nf2 {[%clk 0:32:03]}  c4 {[%clk 0:32:12]} 45. Kf1 {[%clk 0:32:08]}  Rg3 {[%clk 0:32:22]} 46. Ke2 {[%clk 0:32:34]}  c3 {[%clk 0:32:02]} 47. Nd3 {[%clk 0:32:46]}  c2 {[%clk 0:32:02]} 48. Kd2 {[%clk 0:32:46]}  Rg2+ {[%clk 0:32:37]} 49. Kc1 {[%clk 0:33:27]}  Bd4 {[%clk 0:32:55]} 50. e5 {[%clk 0:33:29]}  Be3+ {[%clk 0:33:14]} 0-1